000 02082cam a22004934i 4500
003 PE-LiUPU
005 20250731173111.0
008 181226s2011 miu r 001 0 eng
020 _a082543338X
020 _a9780825433382
035 _a(Sirsi) a251151
049 _aPRUA
082 0 4 _a225.1
_bR4
_223
245 1 0 _aRevisiting the corruption of the New Testament :
_bmanuscript, patristic, and apocryphal evidence /
_cDaniel B. Wallace, editor.
264 1 _aMichigan :
_bKregel,
_c2011.
300 _a284 páginas ;
_c23 centímetros.
336 _atext
_2rdacontent
337 _aunmediated
_2rdamedia
338 _avolume
_2rdacarrier
490 0 _aText and canon of the New Testament
504 _aÍndice: páginas 267-284.
505 0 _aLost in transmission: how badly did the scribes corrupt the New Testament text? -- The least orthodox reading is to be preferred: a new canon for New Testament textual criticism? -- The legacy of a letter: Sabellianism or scribal blunder in John 1.1c? -- Patristic theology and recension in Matthew 24.36: an evaluation of Ehrman's text-critical methodology -- Tracking Thomas: a text-critical look at the transmission of the gospel of Thomas -- Jesus as [Theōs]: a textual examination.
526 _aSEG42
526 _aSEG41
526 _aSEG40
526 _aSEG39
526 _aP94
526 _aP87
526 _aP86
526 _aP85
526 _aP77
526 _aP76
526 _aP35
630 _aBiblia.
_pNuevo testamento
_xCanon.
_91576
650 0 4 _aAutoridad
_xAspectos religiosos.
_2fast
_0(OCoLC)fst00821658
650 0 4 _aCanon.
_2rero
700 1 _aWallace, Daniel B.,
_eeditor.
910 _adbm
_bsag
_csag
_d20181226
942 _2ddc
_cBOOK
994 _aC0
_bPEPRU
596 _a1
999 _a225.1 R4
_wDEWEY
_c30598
_i79434
_f2021-11-9
_g3
_lCCODEBUL1
_mBUL
_p16.14
_r0
_sY
_tBOOK
_u2018-12-26
_xTEOLOGIA
_PP85
_0DONACION
_1FCOMPR2
_o.STAFF. Colección Teología
_d30598
980 _81
_gALBERTO SANCHEZ Responsable de Automatización